000 01080naa a22003137a 4500
001 BR7901325
003 BR-BrBNA
005 20240918174322.0
007 ta
008 230509b bl.||||| |||| 00| 0 por d
040 _aBR-BrBNA
_bpor
_cBiblioteca Nacional de Agricultura
041 _a(Pt)
072 _aF00; F60
_b0120
_b3575
_bG514
090 _aF00 BR7901325
100 1 _aToledo, F.F. de
245 1 _aTecnologia das sementes [Milho, Zea mays, Brasil]
260 3 _aSao Paulo, SP (Brasil):
_c1978.
500 _aPaterniani, E. (ed.) Melhoramento e producao do milho no Brasil Sao Paulo, SP (Brasil): 1978. p. 571-619 (BR7901325-AM)F00
650 _aMILHO
650 _aSEMENTE
650 _aBENEFICIAMENTO
650 _aARMAZENAMENTO
650 _aSECAGEM
650 _aTESTE DE VIGOR
650 _aGERMINACAO
773 0 _tMelhoramento e producao do milho no Brasil
_aPaterniani, E. (ed.). Fundacao Cargill, Sao Paulo, SP (Brasil)
_wF00 BR7901325
_gSao Paulo, SP (Brasil), 1978. p. 571-619
909 _a202404
_bLucia
_c55
_dLucia Elande
942 _cAM
_2AGRIS
999 _c310366
_d310366